000 00476nam a22001577a 4500
005 20241108120325.0
008 241108b |||||||| |||| 00| 0 eng d
020 _a9780619215453
050 _aQA76.76
_b.O63
100 _aSimpson, Ted
245 _aHands-On Novell Netware 6.0/6.5/
_bEnhanced Edition
_cTed Simpson
260 _aAustralia
_bThomson Course Technology
_c2004
300 _axv.702p.
_bill.
_c27.5cm
650 _2Novell Netware
942 _2lcc
_cBK
_eEnhanced Edition
_n0
999 _c871
_d871